|
|
|
|
| LEADER |
00000nab a2200000ua 4500 |
| 001 |
vtls010770021 |
| 003 |
SK-MaSNL |
| 005 |
20260303123348.0 |
| 008 |
230214s1943 xo |||||||||||||||||slo| |
| 035 |
|
|
|a (urnnbn)urn:nbn:sk:snk:ar-a03506
|
| 035 |
|
|
|a (uuid)e3967a2f-7864-484b-8ee0-d4aef2f7078c
|
| 035 |
|
|
|a urn:nbn:sk:snk-ab53bi
|
| 040 |
|
|
|a SNKBUCL
|b slo
|c SNKBUCL
|e AACR2
|
| 041 |
0 |
|
|a slo
|
| 044 |
|
|
|a xo
|c SK
|
| 100 |
1 |
|
|a Ladziansky, Július,
|d 1903-1943
|4 aut
|9 170536
|
| 245 |
1 |
0 |
|a Morfologické a funkcionálne rozdiely dolných končatín
|c Július Ladziansky
|
| 773 |
0 |
|
|t Bratislavské lekárske listy
|g Roč. 23, č. 5 (1943), s. 128-139
|
| 954 |
|
|
|a odborná, vedecká literatúra pôvodná (slovenská)
|2 lita
|
| 958 |
|
|
|a OND
|
| 958 |
|
|
|a EUIPO
|
| 958 |
|
|
|a article3
|
| 999 |
|
|
|c 1925444
|d 1927374
|